000 00481nam a2200181Ia 4500
005 20250508150150.0
008 008 250505s9999 xx 000 0 eng d
037 _aTextual
040 _aFEDL
_beng
_cFEDL
041 _aeng
_2eng
084 _a915, TAY
_qFEDL
100 _aTaylor Edmond
_9108948
245 0 _aRicher by Asia
260 _aLondon, UK
_bSecker and Warburg Ltd.
_c1948
300 _ax,432p.
942 _cTEXL
_h915, TAY
999 _c1322132
_d1322132